000 00700cab a2200229 4500
001 ABS53794
008 090401t1995 xxu||||| |||| 00| 0 eng d
035 _a(Sirsi) u6631
041 _aeng
100 _aBrymer, S.
245 _aTo consent or not to consent: that is the question
260 _c1995
350 _a0
490 _aProperty Law
_v(17) October 1995, 5-6(2)
520 _aLooks at the problem of landlord`s consent and the delicate balance between its being reasonably or unreasonably withheld.
650 _aASSIGNMENT
650 _aCOMMERCIAL LEASES
650 _aCONSENT TO ASSIGN
690 _aLANDLORD AND TENANT-BUSINESS TENANCIES
942 _n0
948 _c04/03/1997
999 _c3957
_d3957